000
00301nam a22001337a 4500
008
171018b xxu||||| |||| 00| 0 eng d
020
_a
9780136000372
041
_a
eng
080
_2
5TH
_a
338
100
_a
53
101
_a
MEN
245
_a
STRATEGIC COMPENSATION
_c
MARTOCCHIO,J,J
942
_2
udc
_c
BK
999
_c
34671
_d
34671